Kế toán tài chính : Lý thuyết, bài tập, bài giải

Đã lưu trong:
书目详细资料
格式: Sách
语言:Undetermined
出版:  Thống kê  2011
主题:
标签: 添加标签
没有标签, 成为第一个标记此记录!
Thư viện lưu trữ: Trung tâm Thư viện - Trường Đại học Công nghiệp TP. Hồ Chí Minh
LEADER 00455nam a2200133Ia 4500
001 UIH_06902
008 231011s9999 xx 000 0 und d
082 |a  657 
245 0 |a  Kế toán tài chính : Lý thuyết, bài tập, bài giải 
260 |b  Thống kê 
260 |c  2011 
650 |a  Kế toán tài chính;  
927 |a Sách 
980 |a Trung tâm Thư viện - Trường Đại học Công nghiệp TP. Hồ Chí Minh